000 00834nam a2200229 a 4500
001 63618
003 BD-RjUL
005 20211209081221.0
008 170131s2009 bg ||||| |||| 00| e ben d
020 _a9843231449
_c: Tk. 200.00
035 _a(BD-RjUL)63747
040 _aBD-RjUL
_bben
_cBD-RjUL
041 _aben
082 _223
_a891.444
_bPRK 2009
100 _aপ্রিন্স, মাওলা
_9189025
245 1 0 _aকালোত্তরের প্রতিশ্রুতি :
_bপ্রসঙ্গ সাহিত্য /
_cমাওলা প্রিন্স
260 _aরাজশাহী :
_bচিহ্ন,
_c২০০৯
300 _a১৫৯ পৃ. ;
_c২৩ সেমি.
650 _aবাংলা প্রবন্ধ
_9170454
650 _aBengali Essays
_9170481
942 _2ddc
_cBK
999 _c63618
_d63618